000 00490nam a2200169 4500
001 123680
003 ES-MaACL
005 20230906192223.0
007 t|
008 070214s1969 sp r ||||1| spa d
100 1 _aRaimondo Souto, H. Mario.
_995031
245 1 0 _aTécnica de la cámara cinematográfica /
_cH. Mario Raimondo Souto.
250 _a1ª ed.
260 _aMadrid :
_bTaurus,
_c1969.
300 _a344 p., 3 lám. :
_bil. ;
_c25 cm.
852 _aES-MaACL
_jC-37705
_bR.73325
999 _c123680
_d123680